Grandes periodistas cubanos. (Record no. 75737)

MARC details
000 -LEADER
campo de control de longitud fija 01191nam a2200253 i 4500
001 - NÚMERO DE CONTROL
campo de control 75737
003 - IDENTIFICADOR DE NÚMERO DE CONTROL
campo de control ES-MaACL
005 - FECHA Y HORA DE LA ÚLTIMA TRANSACCIÓN
campo de control 20251113180044.0
007 - CAMPO FIJO DE DESCRIPCIÓN FÍSICA--INFORMACIÓN GENERAL
campo de control de longitud fija t|
008 - DATOS DE LONGITUD FIJA--INFORMACIÓN GENERAL
campo de control de longitud fija 040927m19351948cu |||| |dspa d
245 00 - MENCIÓN DEL TÍTULO
Título Grandes periodistas cubanos.
260 ## - PUBLICACIÓN, DISTRIBUCIÓN, ETC.
Lugar de publicación, distribución, etc. La Habana :
Nombre del editor, distribuidor, etc. Secretaría de Educación,
Fecha de publicación, distribución, etc. 1935-1948 (
Fabricante Cultural)
300 ## - DESCRIPCIÓN FÍSICA
Extensión 5 v. ;
Dimensiones 21 cm.
490 1# - MENCIÓN DE SERIE
Mención de serie Publicaciones del Ministerio de Educación
500 ## - NOTA GENERAL
Nota general Faltan: v. II y V.
505 8# - NOTA DE CONTENIDO CON FORMATO
Nota de contenido con formato Contiene: I: José Armas y Cárdenas: (Justo de Lara): 35 trabajos periodísticos - III: Manuel Márquez Sterling: doctrina de la República - IV: Gastón Mora: espiritualidad y civilización - VI: José María Heredia: revisiones literarias / selección y prólogo de José María Chacón y Calvo - VII: Rafael M. Merchán: patria y cultura / selección y prólogo de Félix Lizaso
650 #4 - PUNTO DE ACCESO ADICIONAL DE MATERIA--TÉRMINO DE MATERIA
Término de materia o nombre geográfico como elemento de entrada Periodistas-
Subdivisión geográfica Cuba.
9 (RLIN) 169599
700 0# - ENTRADA AGREGADA--NOMBRE PERSONAL
Nombre de persona Chacón y Calvo, José María,
Fechas asociadas al nombre 1893-1969
9 (RLIN) 37770
700 1# - ENTRADA AGREGADA--NOMBRE PERSONAL
Nombre de persona Lizaso, Félix.
9 (RLIN) 72618
710 1# - ENTRADA AGREGADA--NOMBRE DE ENTIDAD CORPORATIVA
Nombre de entidad corporativa o nombre de jurisdicción como elemento de entrada Cuba.
Unidad subordinada Ministerio de Educación.
9 (RLIN) 3339
830 00 - PUNTO DE ACCESO ADICIONAL DE SERIE-TÍTULO UNIFORME
Título uniforme Publicaciones del Ministerio de Educación
9 (RLIN) 187077
852 ## - LOCALIZACIÓN
Ubicación ES-MaACL
Número de control de estantería P-789
Holdings
Estatus retirado Estado de pérdida Estado de daño No para préstamo Biblioteca de origen Biblioteca actual Ubicación en estantería Fecha de adquisición Fuente de adquisición Total de préstamos Signatura topográfica completa Código de barras Visto por última vez Precio de reemplazo Tipo de ítem Koha
        Biblioteca del Ateneo de Madrid Biblioteca del Ateneo de Madrid Depósito 2 17/01/2008     P-789 1079271 23/02/2023 23/02/2023 Libro impreso